00642cam a22002291 4500001001300000003000400013005001700017008004100034010001700075035002000092040001800112042001200130050001500142100006300157245003600220260001100256300003900267500001800306504004100324650003000365999001700395sa 68018937 DLC20260227112715.0890725s1965 ce a b 000 0 sino  asa 68018937  a(OCoLC)20067023 aDLCcWaUdDLC apremarc00aCC75b.V381 aVattala, Hettiarachchige Albert Francis Don Sarath,d1923-10aPurāvidyāva hădârīma. c[1965] aii, ii, 252, ii p.billus.c22 cm. aIn Sinhalese. aIncludes bibliographical references. 0aExcavations (Archaeology) c88728d88728